000 00285nam a22001217a 4500
020 _a9789356347304
082 _a510
_bOSW/M
245 _aONE FOR ALL
_bQUESTION BANK CLASS 7 - MATHEMATICS
260 _aNEW DELHI
_bOSWAAL
300 _a256
650 _aQUESTION BANK
_zINDIA
942 _cBK
999 _c6969
_d6969